000 00426nam a2200157Ia 4500
008 240729s9999 xx 000 0 und d
022 _a2468-9009
245 0 _aLaparoscopic, Endoscopic and Robotic Surgery
260 _aChina
260 _bKeAi Communications Co., Ltd.
650 _a Surgery
650 _aMedicine
856 _uhttps://doaj.org/toc/818d158bf56e415188e4e85bbc35c132
942 _2ddc
942 _cDOAJEJ
999 _c67640
_d67640
945 _a1
_bMadushi Gamage
_c1
_dMadushi Gamage